书目信息 |
| 题名: |
大学英语改革与发展探究
|
|
| 作者: | 胡争艳 著 | |
| 分册: | ||
| 出版信息: | 北京 中国水利水电出版社 2013 |
|
| 页数: | 194页 | |
| 开本: | 21cm | |
| 丛书名: | ||
| 单 册: | ||
| 中图分类: | H319.1 | |
| 科图分类: | ||
| 主题词: | 英语--教学改革--研究--高等学校 | |
| 电子资源: | ||
| ISBN: | 978-7-5170-0990-0 | |
| 000 | 00903nam0 2200229 450 | |
| 001 | 012001002053 | |
| 005 | 20140926114739.0 | |
| 010 | @a978-7-5170-0990-0@dCNY32.00 | |
| 100 | @a20140429d2013 em y0chiy50 ea | |
| 101 | 0 | @achi@aeng |
| 102 | @aCN@b110000 | |
| 105 | @ay z 000yy | |
| 106 | @ar | |
| 200 | 1 | @a大学英语改革与发展探究@9da xue ying yu gai ge yu fa zhan tan jiu@f胡争艳著 |
| 210 | @a北京@c中国水利水电出版社@d2013 | |
| 215 | @a194页@d21cm | |
| 330 | @a本书主要针对大学英语,具体探讨了其改革与发展。首先,具体介绍了大学英语教学基础知识综述、大学英语教学模式以及学习动机与大学英语教学的关系;其次,介绍了大学英语听、说、读、写、译、情感、文化教学以及四、六级考试;最后,分析了大学英语教学的发展。 | |
| 606 | 0 | @a英语@x教学改革@x研究@x高等学校 |
| 690 | @aH319.1@v5 | |
| 701 | 0 | @a胡争艳@9hu zheng yan@c(女)@4著 |
| 801 | 0 | @aCN@b上海新华@c20180901 |
| 905 | @b1044994-8@dH319.1@e266@f5 | |
| 大学英语改革与发展探究/胡争艳著.-北京:中国水利水电出版社,2013 |
| 194页;21cm |
| ISBN 978-7-5170-0990-0:CNY32.00 |
| 本书主要针对大学英语,具体探讨了其改革与发展。首先,具体介绍了大学英语教学基础知识综述、大学英语教学模式以及学习动机与大学英语教学的关系;其次,介绍了大学英语听、说、读、写、译、情感、文化教学以及四、六级考试;最后,分析了大学英语教学的发展。 |
| ● |
| 相关链接 |
|
|
|
|
正题名:大学英语改革与发展探究
索取号:H319.1/266
 
预约/预借
| 序号 | 登录号 | 条形码 | 馆藏地/架位号 | 状态 | 备注 |
| 1 | 1044994 | 210449941 | 第二样本阅览室/ [索取号:H319.1/266] | 在馆 | |
| 2 | 1044995 | 210449950 | 第四借阅区/ [索取号:H319.1/266] | 在馆 | |
| 3 | 1044996 | 210449969 | 第四借阅区/ [索取号:H319.1/266] | 在馆 | |
| 4 | 1044997 | 210449978 | 密集书库—外国语学院/ [索取号:H319.1/266] | 在馆 | |
| 5 | 1044998 | 210449987 | 第四借阅区/ [索取号:H319.1/266] | 在馆 |